01796cam a22004097a 4500003000500000005001700005008004100022010001000063011001000073035001000083040000900093090001000102100004800112245022700160260004100387300002200428502010900450590003700559590004100596590004100637590004100678590004200719650003300761650002500794650003800819650002800857650003600885650002600921901000700947905002400954942000900978949006200987949005101049999001701100952014001117952012901257CHAP20220329142651.0020903d2002 mx r 00110 spa d a86225 a87197 a97739 cCHAP aTesis00aTecuautzin Paredes, José Armando.911197910aIncidencia y severidad de enfermedades del frijol (Phaseolus vulgaris L.) var. negro Chapingo al ser sembrado en altas densidades bajo el sistéma de labranza cero de conservaciónc/por José Armando Tecuautzin Paredes aChapingo, Méx. :bEl autor,c2002. a57 h. :bgráfs. aTesis (Ing. Agr. Esp. en Parasitología Agrícola) -- UACH. Departamento de Parasitología Agrícola aALEPHb10c20130110lUCH01h1449 aBATCH-UPDb10c20130110lUCH01h0711 aBATCH-UPDb10c20130410lUCH01h0357 aBATCH-UPDb10c20130914lUCH01h1443 aCONVERSIONb10c20130109lUCH01h134804aFrijolxEnfermedades.94336714aFrijol negro.94347414aFrijolxFechas de siembra.94337814aFrijolxSiembra.94343414aFrijolzMéxico (Edo.).94345614aLabranza cero.964307 aBK aMayto Villalobos S. cFOLL aTesisbBCcTESd33724000876462eTS2fc.2h39952i97739si aTesisbBCcTESd97739123eTS1h39951i97739sb c86225d86225 00102local4053708TESISaBCbBCcPA_TESISd2019-12-31fTESISl0oTesisp33724000876462r2019-12-31 00:00:00tc.2w2019-12-31yTESIS 00102local4051708TESISaBCbBCcPA_TESISd2019-12-31fTESISl0oTesisp97739123r2019-12-31 00:00:00w2019-12-31yTESIS